| 000 | 00445nam a2200193Ia 4500 | ||
|---|---|---|---|
| 005 | 20240823062121.0 | ||
| 008 | 240823s9999||||xx |||||||||||||| ||und|| | ||
| 020 | _a819060968-5 | ||
| 041 | _aENGLISH | ||
| 082 | _A519 Q4 | ||
| 100 | _aBalaji G | ||
| 245 | 0 | _aEngineering mathematics - I | |
| 250 | _a2nd | ||
| 260 |
_c2014 _bBalaji Publi |
||
| 500 | _aTRANSFERED | ||
| 650 |
_aMathematics _bMathematics |
||
| 942 | _cBK | ||
| 999 |
_c235128 _d235128 |
||